|
|
|
|
| LEADER |
00579nam a22001691a 4500 |
| 020 |
|
|
|a 9788121904032
|
| 082 |
|
|
|a 342.540 2
|b PYL/I
|
| 100 |
|
|
|a Pylee M V
|9 146262
|
| 245 |
|
|
|a India's Constitution/
|c by Pylee M V
|
| 260 |
|
|
|a New Delhi:
|b S.Chand & Company,
|c 2002.
|
| 300 |
|
|
|a 422p.
|
| 650 |
|
|
|a Constitution India
|9 146263
|
| 650 |
|
|
|a Law
|9 146264
|
| 650 |
|
|
|a Social Sciences
|9 146265
|
| 942 |
|
|
|c BK
|
| 999 |
|
|
|c 19921
|d 19921
|
| 952 |
|
|
|0 0
|1 0
|4 0
|6 342_540000000000000_2_PYL_I
|7 0
|9 28077
|a SSUS
|b SSUS
|d 2015-01-08
|g 130.00
|l 4
|o 342.540 2 PYL/I
|p 027316
|r 2019-03-16
|s 2019-03-11
|v 0.00
|w 2015-01-08
|y BK
|